LEAN ENTERPRISE VALUE INSIGHTS FROM MIT (Record no. 26695)

MARC details
000 -LEADER
fixed length control field 00346nam a2200133Ia 4500
008 - FIXED-LENGTH DATA ELEMENTS--GENERAL INFORMATION
fixed length control field 240624s9999 xx 000 0 und d
041 ## - LANGUAGE CODE
Language code of text/sound track or separate title eng
082 ## - DEWEY DECIMAL CLASSIFICATION NUMBER
Classification number 658.5 MUR
100 ## - MAIN ENTRY--PERSONAL NAME
Personal name MURMAN EARLL
245 ## - TITLE STATEMENT
Title LEAN ENTERPRISE VALUE INSIGHTS FROM MIT
260 ## - PUBLICATION, DISTRIBUTION, ETC.
Date of publication, distribution, etc. 2002
Place of publication, distribution, etc. London
Name of publisher, distributor, etc. Palgrave
300 ## - PHYSICAL DESCRIPTION
Extent xxiv, : 344 : p. : cm. ; 24
365 ## - TRADE PRICE
Currency code GBP
Price amount 30
Holdings
Withdrawn status Lost status Damaged status Not for loan Home library Current library Shelving location Date acquired Source of acquisition Cost, normal purchase price Full call number Barcode Date last seen Copy number Price effective from Koha item type
        IMTN IMTN Rack 34-A 02/23/2016 RW 63.00 658.5 MUR 26695 06/24/2024 105.6 06/24/2024 Books
Designed & Maintained by: LRC IMT Nagpur Contact: lrc@imtnag.ac.in© 2024. All Rights Reserved.